01106nab a22002057a 4500003000400000005001700004008004100021040000700062100002400069245013200093260007300225300001500298500003600313505022200349505008100571650001800652650002900670650005200699773014900751OSt20260213125618.0190429b xxu||||| |||| 00| 0 spa d cPJ aBolos Ingrao, L. E.10aDe los delitos contra menores como excepción a la "Teoría del Fruto del Árbol Envenenado" /cLucas Ezequiel Bolos Ingrao. cCiudad Autónoma de Buenos Aires :aThomson Reuters La Ley, b2024. ap. 236-245 aCita: TR LALEY AR/DOC/157/2024. aSumario: I. Numerosas lecciones.— II. "Fruit of the Poisonous Tree Doctrine".— III. Los niños como sujeto pasivo del delito y la aplicación de la teoría del fruto del árbol envenenado.— IV. Conclusión. tSi te interesa el texto completo, solicitalo a koha@justierradelfuego.gov.ar 0aDERECHO PENAL 0aDERECHOS DE LA VÍCTIMA 0aDERECHOS DE LAS NIÑAS, NIÑOS Y ADOLESCENTES0 02658tRevista de derecho penal y criminología. Nº 7 - Junio 2024dCiudad Autónoma de Buenos Aires : Thomson Reuters La Ley, 2017-x00347914